[Event "WJCC U20 Open 2019"]
[Site "New Delhi"]
[Date "2019.10.18"]
[Round "5.25"]
[White "Jablonicky, Martin"]
[Black "Janik, Igor"]
[Result "0-1"]
[WhiteElo "2333"]
[BlackElo "2467"]
[Annotator "TA"]
[PlyCount "46"]
[EventDate "2019.10.15"]
[EventType "swiss"]
[EventCountry "IND"]
[SourceTitle "playchess.com"]
[Source "ChessBase"]
[SourceQuality "1"]

{[%evp 13,54,-39,40,-16,-21,-10,-9,-12,0,0,11,9,21,-20,-8,-31,-13,-14,-9,-30,-27,-64,-76,-108,-7,-146,-130,-165,-168,-318,-162,-191,-187,-446,-425,-429,-195,-441,-365,-524,-466,-2022,-1399]} 1. e4 c5 2. Nf3 e6 3. c3 d5 4. e5 d4 5. cxd4 cxd4 6. Bb5+ Bd7 7. Nxd4 Qg5 (7... Bxb5 $15 8. Nxb5 a6) 8. O-O {B40: Sicilian: 2...e6, Unusual lines} ({Better is} 8. Nf3 $14 Qxg2 9. Rg1) 8... Qxe5 $11 {[%mdl 64] [#] Double Attack} 9. Bxd7+ (9. Qa4 Bc5 10. Bxd7+ Nxd7 11. Nf3 Qd6 12. d4 Bb6 13. Nc3 Ngf6 14. b3 Qc6 15. Qxc6 bxc6 {1-0 (25) Manukian,A (2196)-Chukavin,K (2307) chess.com INT 2019}) 9... Nxd7 10. Nf3 {The position is equal.} Qc7 11. Nc3 Ngf6 12. d4 Bb4 $146 ({Predecessor:} 12... Be7 13. Bg5 O-O 14. Rc1 Qa5 {1-0 (40) Moss,G (1964)-Foster,C (1857) High Wycombe 2013}) 13. Bg5 Bxc3 14. Rc1 {[%mdl 64] Pin} Qa5 15. Rxc3 Qxa2 16. Ne5 O-O 17. Rb3 b6 $36 {[%mdl 2048] Black is really pushing.} 18. f4 Qa4 ({Black should try} 18... Rac8 $17 19. f5 exf5 20. Rxf5 Rfe8 21. Nxd7 Nxd7) 19. Bh6 {[#]} (19. Nxd7 $1 $11 Qxd7 20. Bxf6 gxf6 21. Rd3) 19... Ne8 $1 $17 20. f5 exf5 21. Rxf5 (21. Be3 $142) 21... Nxe5 (21... f6 $142 22. Ng4 gxh6 23. Nxh6+ Kh8) 22. dxe5 {With the idea e6!} Qe4 23. Rg5 $2 (23. Rf4 Qxe5 24. Rg3) 23... Kh8 {Played: Ra8-d8} 0-1

[Event "WJCC U20 Open 2019"]
[Site "New Delhi"]
[Date "2019.10.18"]
[Round "5.26"]
[White "Aditya Mittal"]
[Black "Garidmagnai, Byambasuren"]
[Result "1-0"]
[WhiteElo "2430"]
[BlackElo "2327"]
[Annotator "NA RC"]
[PlyCount "83"]
[EventDate "2019.10.15"]
[EventType "swiss"]
[EventCountry "IND"]
[SourceTitle "playchess.com"]
[Source "ChessBase"]
[SourceQuality "1"]
[TimeControl "40/5400+30:1800+30"]

1. d4 Nf6 2. c4 g6 3. Nc3 Bg7 4. e4 d6 5. Nf3 O-O 6. Be2 Na6 7. O-O e5 8. Be3 Ng4 9. Bg5 Qe8 10. dxe5 dxe5 11. h3 h6 12. Bd2 Nf6 13. Be3 Qe7 14. a3 c6 15. Qc2 Nh5 16. Rfd1 Nf4 17. Bf1 Nc7 18. b4 Qf6 19. Bc5 Nxh3+ 20. gxh3 Qxf3 21. Bxf8 Bxf8 22. Ne2 a5 23. Bg2 Qf6 24. Qc3 Ne6 25. c5 h5 26. Rd3 h4 27. Rad1 Be7 28. Qd2 Kg7 29. Qb2 Nf4 30. Nxf4 Qxf4 31. b5 Bxc5 32. bxc6 bxc6 33. Qc2 Bb6 34. Rf3 Qg5 35. Qb3 Bc5 36. Qxf7+ Kh6 37. Qc7 Qe7 38. Qd8 Rb8 39. Qh8+ Kg5 40. Kh2 Bd6 41. Rg3+ hxg3+ 42. fxg3 1-0

[Event "WJCC U20 Open 2019"]
[Site "New Delhi"]
[Date "2019.10.18"]
[Round "5.27"]
[White "Sterck, Arno"]
[Black "Bharath Subramaniyam H"]
[Result "0-1"]
[WhiteElo "2331"]
[BlackElo "2417"]
[Annotator "NA"]
[PlyCount "66"]
[EventDate "2019.10.15"]
[EventType "swiss"]
[EventCountry "IND"]
[SourceTitle "playchess.com"]
[Source "ChessBase"]
[SourceQuality "1"]
[TimeControl "40/5400+30:1800+30"]

1. d4 {[%emt 0:00:00]} Nf6 {[%emt 0:00:00]} 2. c4 {[%emt 0:00:00]} e6 {[%emt 0:00:00]} 3. g3 {[%emt 0:00:00]} c5 {[%emt 0:05:42]} 4. d5 {[%emt 0:00:00]} exd5 {[%emt 0:00:09]} 5. cxd5 {[%emt 0:00:00]} d6 {[%emt 0:00:12]} 6. Nc3 {[%emt 0:00:07]} g6 {[%emt 0:00:25]} 7. Bg2 {[%emt 0:00:09]} Bg7 {[%emt 0:00:10]} 8. Nf3 {[%emt 0:00:08]} O-O {[%emt 0:00:08]} 9. O-O {[%emt 0:00:04]} a6 {[%emt 0:00:22]} 10. a4 {[%emt 0:00:03]} Nbd7 {[%emt 0:00:39]} 11. Bf4 {[%emt 0:00:34]} Qe7 {[%emt 0:00:11]} 12. Rb1 {[%emt 0:07:13]} Ng4 {[%emt 0:09:22]} 13. Bg5 {[%emt 0:00:14]} Qe8 {[%emt 0:02:20]} 14. h3 {[%emt 0:01:52]} h6 {[%emt 0:13:53]} 15. Bd2 {[%emt 0:00:11]} Nge5 {[%emt 0:00:16]} 16. b4 {[%emt 0:00:19]} Nc4 {[%emt 0:04:01]} 17. Qb3 {[%emt 0:07:05]} b5 {[%emt 0:15:04]} 18. Be1 {[%emt 0:13:28]} Rb8 {[%emt 0:07:19]} 19. axb5 {[%emt 0:01:49]} axb5 {[%emt 0:00:11]} 20. Nxb5 {[%emt 0:07:53]} Rxb5 {[%emt 0:01:37]} 21. Qxc4 {[%emt 0:00:16]} Nb6 {[%emt 0:00:15]} 22. Qf4 {[%emt 0:04:10]} Bf5 {[%emt 0:03:21]} 23. Rd1 {[%emt 0:01:42]} Qxe2 {[%emt 0:04:30]} 24. Rd2 {[%emt 0:00:21]} Qe4 {[%emt 0:04:04]} 25. Qxd6 {[%emt 0:02:35]} Nc4 {[%emt 0:00:44]} 26. Qa6 {[%emt 0:03:58]} Nxd2 {[%emt 0:01:07]} 27. Nxd2 {[%emt 0:00:06]} Qxb4 {[%emt 0:05:15]} 28. Ne4 {[%emt 0:03:35]} Qb3 {[%emt 0:01:34]} 29. Qd6 {[%emt 0:03:35]} c4 {[%emt 0:04:06]} 30. Qf4 {[%emt 0:04:05]} c3 {[%emt 0:03:33]} 31. Nd6 {[%emt 0:00:27]} Rb4 {[%emt 0:00:09]} 32. Qe3 {[%emt 0:01:07]} Bd7 {[%emt 0:01:35]} 33. Be4 {[%emt 0:01:47]} Bxh3 {[%emt 0:00:47]} 0-1

[Event "WJCC U20 Open 2019"]
[Site "New Delhi"]
[Date "2019.10.18"]
[Round "5.28"]
[White "Bronstein, Or"]
[Black "Wagh Suyog"]
[Result "1-0"]
[WhiteElo "2413"]
[BlackElo "2229"]
[Annotator "NA RC"]
[PlyCount "61"]
[EventDate "2019.10.15"]
[EventType "swiss"]
[EventCountry "IND"]
[SourceTitle "playchess.com"]
[Source "ChessBase"]
[SourceQuality "1"]
[TimeControl "40/5400+30:1800+30"]

1. d4 {[%emt 0:00:00]} Nf6 {[%emt 0:00:00]} 2. c4 {[%emt 0:00:00]} e6 {[%emt 0:00:00]} 3. Nf3 {[%emt 0:00:02]} d5 {[%emt 0:00:00]} 4. g3 {[%emt 0:00:05]} Be7 {[%emt 0:00:00]} 5. Bg2 {[%emt 0:00:12]} O-O {[%emt 0:00:00]} 6. Qc2 {[%emt 0:07:34]} c5 {[%emt 0:08:06]} 7. O-O {[%emt 0:01:01]} cxd4 8. Nxd4 {[%emt 0:02:05]} Nc6 {[%emt 0:10:55]} 9. Nxc6 {[%emt 0:00:10]} bxc6 {[%emt 0:00:02]} 10. b3 $11 {[%emt 0:03:46]} e5 {[%emt 0:06:05]} 11. Rd1 {[%emt 0:04:59]} Be6 {[%emt 0:01:16]} 12. Bb2 {[%emt 0:00:29]} Bd6 {[%emt 0:02:04]} 13. e3 {[%emt 0:03:02]} Rc8 {[%emt 0:18:48]} 14. Nc3 {[%emt 0:11:17]} Bb8 {[%emt 0:25:29]} 15. Rac1 {[%emt 0:15:32]} Qe7 {[%emt 0:01:43]} 16. cxd5 {[%emt 0:06:58]} cxd5 {[%emt 0:00:02]} 17. Qd3 {[%emt 0:02:56]} Rcd8 {[%emt 0:02:39]} 18. Qa6 {[%emt 0:04:03]} h5 {[%emt 0:02:55]} 19. Qa5 {[%emt 0:06:16]} h4 {[%emt 0:10:29]} 20. Nxd5 {[%emt 0:10:39]} Nxd5 {[%emt 0:00:38]} 21. Bxd5 {[%emt 0:00:02]} Bg4 {[%emt 0:00:07]} 22. Rd2 {[%emt 0:00:38]} e4 {[%emt 0:06:59]} 23. Rc6 {[%emt 0:09:51]} Kh7 {[%emt 0:01:18]} 24. Ba3 {[%emt 0:00:35]} Qe5 {[%emt 0:00:19]} 25. Rd4 {[%emt 0:02:05]} Rfe8 {[%emt 0:00:59]} 26. Rc5 {[%emt 0:03:47]} h3 {[%emt 0:01:36]} 27. Bxf7 {[%emt 0:01:31]} Rxd4 {[%emt 0:00:10]} 28. exd4 {[%emt 0:00:06]} Qf6 {[%emt 0:00:45]} 29. Rh5+ {[%emt 0:00:13]} Bxh5 {[%emt 0:00:27]} 30. Qxh5+ {[%emt 0:00:03]} Qh6 {[%emt 0:00:06]} 31. Qxh6+ {[%emt 0:00:46]} 1-0

[Event "WJCC U20 Open 2019"]
[Site "New Delhi"]
[Date "2019.10.18"]
[Round "5.29"]
[White "Hollan, Martin"]
[Black "Donoso Diaz, Sebastian"]
[Result "1-0"]
[WhiteElo "2403"]
[BlackElo "2203"]
[Annotator "TA"]
[PlyCount "77"]
[EventDate "2019.10.15"]
[EventType "swiss"]
[EventCountry "IND"]
[SourceTitle "playchess.com"]
[Source "ChessBase"]
[SourceQuality "1"]

{[%evp 14,85,18,15,22,-7,-6,0,0,0,0,0,16,9,21,20,14,-9,-4,-3,5,0,0,-14,0,-31,-25,-42,-22,-19,-14,-16,20,10,21,7,128,111,125,107,143,140,259,21,339,337,337,343,454,445,736,730,1205,489,605,642,612,613,654,405,535,522,29983,592,760,746,29987,701,756,0,29988,29989,29989,29990]} 1. e4 c5 2. Nf3 e6 3. d4 cxd4 4. Nxd4 Nc6 5. Nc3 Qc7 6. g3 Nf6 7. Bg2 a6 8. O-O h5 {B47: Sicilian: Taimanov: 5 Nc3 Qc7 6 f4, 6 g3 and 6 Be2} 9. Re1 Nxd4 $1 10. Qxd4 {Black must now prevent Bf4.} Bc5 {The position is equal.} 11. Bf4 d6 $1 12. Qd2 {And now e5 would win.} e5 13. Be3 Be6 14. Bxc5 Qxc5 15. Nd5 $146 ({Predecessor:} 15. Rad1 Rd8 16. a3 {0-1 (77) Annaberdiev,M (2496)-Le,Q (2739) Ashkhabad 2017}) 15... Bxd5 16. exd5 Rc8 17. Bh3 Rd8 18. Rad1 h4 {...hxg3 is the strong threat.} 19. Kg2 hxg3 20. hxg3 Rh5 21. g4 Rh8 22. f4 Kf8 {Threatens to win with ...exf4.} 23. fxe5 dxe5 24. Rxe5 Qc4 (24... Rh4 $11) 25. Qd3 $36 {[%mdl 2048] White has strong initiative.} Qf4 26. Rf5 Qd6 27. Qf3 {aiming for g5.} Re8 (27... Kg8 $16) 28. Rf1 $2 ({White has to play} 28. g5 $1 $18) 28... Qc5 $2 {[%mdl 8192] [#]} ({Not} 28... Rc8 $2 29. Rf2 $18) (28... Qb6 $11 {and Black is okay.} 29. g5 Re3) 29. d6 $1 $18 {[%mdl 512]} Qxd6 ({Reject} 29... Qxc2+ 30. Rf2) 30. g5 $1 Qd2+ 31. Rf2 Qc1 (31... Qe1 $142 32. gxf6 g6) 32. gxf6 g6 {[#]} 33. Rd5 (33. Re2 $142 $1 {[%mdl 512]} Rxe2+ 34. Qxe2) 33... Kg8 34. Re2 Rf8 35. c3 Rh4 36. Rd4 Rh5 37. Qe3 Qb1 38. Rg4 (38. Qe7 $142 Rg5+ 39. Bg4 Rxg4+ {[%mdl 64] Remove Defender} 40. Rxg4 Qf5 41. Rh4 Qc8 42. Rh6 Qg4+ 43. Kh1) 38... Kh7 {[#]} 39. Rg5 {Played: Qe3-e7} 1-0

[Event "WJCC U20 Open 2019"]
[Site "New Delhi"]
[Date "2019.10.18"]
[Round "5.30"]
[White "Nitish Belurkar"]
[Black "Percivaldi, Martin"]
[Result "1/2-1/2"]
[WhiteElo "2311"]
[BlackElo "2391"]
[Annotator "NA RC"]
[PlyCount "82"]
[EventDate "2019.10.15"]
[EventType "swiss"]
[EventCountry "IND"]
[SourceTitle "playchess.com"]
[Source "ChessBase"]
[SourceQuality "1"]
[TimeControl "40/5400+30:1800+30"]

1. e4 {[%emt 0:00:00]} e5 {[%emt 0:01:11]} 2. Nf3 {[%emt 0:00:00]} Nc6 {[%emt 0:01:16]} 3. Bc4 {[%emt 0:00:00]} Bc5 {[%emt 0:00:20]} 4. c3 {[%emt 0:00:00]} Nf6 {[%emt 0:00:15]} 5. d4 {[%emt 0:00:00]} exd4 {[%emt 0:00:38]} 6. e5 {[%emt 0:00:00]} d5 {[%emt 0:00:50]} 7. Bb5 {[%emt 0:00:02]} Ne4 {[%emt 0:00:12]} 8. cxd4 {[%emt 0:00:06]} Bb6 {[%emt 0:00:13]} 9. Nc3 {[%emt 0:00:07]} O-O {[%emt 0:00:22]} 10. Be3 {[%emt 0:00:04]} Bg4 {[%emt 0:00:38]} 11. h3 {[%emt 0:00:07]} Bh5 {[%emt 0:00:19]} 12. Qc2 {[%emt 0:00:02]} Nxc3 {[%emt 0:00:31]} 13. bxc3 {[%emt 0:05:05]} f6 {[%emt 0:00:15]} 14. Bxc6 {[%emt 0:01:36]} Bxf3 {[%emt 0:00:53]} 15. gxf3 {[%emt 0:01:57]} bxc6 {[%emt 0:00:09]} 16. a4 {[%emt 0:01:43]} a6 {[%emt 0:19:04]} 17. a5 {[%emt 0:04:09]} Ba7 {[%emt 0:00:09]} 18. f4 {[%emt 0:05:58]} Qe7 {[%emt 0:01:36]} 19. Qd3 {[%emt 0:19:48]} c5 {[%emt 0:27:50]} 20. Rb1 {[%emt 0:10:16]} c4 {[%emt 0:12:00]} 21. Qc2 {[%emt 0:09:55]} Rab8 {[%emt 0:02:34]} 22. Ke2 {[%emt 0:06:06]} c5 {[%emt 0:08:05]} 23. Rhg1 {[%emt 0:06:07]} cxd4 {[%emt 0:01:25]} 24. cxd4 {[%emt 0:00:16]} Rb5 {[%emt 0:02:02]} 25. Qf5 {[%emt 0:06:05]} fxe5 {[%emt 0:02:56]} 26. Qxe5 {[%emt 0:00:06]} Qf7 {[%emt 0:00:32]} 27. Rxb5 {[%emt 0:00:46]} axb5 {[%emt 0:00:01]} 28. f5 {[%emt 0:02:45]} Bb8 {[%emt 0:01:56]} 29. Qe6 {[%emt 0:00:08]} Kh8 {[%emt 0:05:53]} 30. Rb1 {[%emt 0:05:39]} Qh5+ {[%emt 0:00:05]} 31. Kd2 {[%emt 0:00:06]} Qf3 {[%emt 0:00:05]} 32. Rxb5 {[%emt 0:01:57]} Bf4 {[%emt 0:00:29]} 33. Kc3 {[%emt 0:00:14]} Bxe3 {[%emt 0:01:23]} 34. fxe3 {[%emt 0:00:31]} Qf1 {[%emt 0:03:08]} 35. Qxd5 {[%emt 0:05:33]} Qc1+ {[%emt 0:03:20]} 36. Kb4 {[%emt 0:00:10]} c3 {[%emt 0:00:11]} 37. Qc5 {[%emt 0:01:07]} Qb1+ {[%emt 0:03:02]} 38. Kxc3 {[%emt 0:01:47]} Qc1+ {[%emt 0:00:36]} 39. Kb4 {[%emt 0:01:02]} Qb1+ {[%emt 0:01:24]} 40. Kc3 {[%emt 0:01:09]} Qc1+ {[%emt 0:00:22]} 41. Kb4 {[%emt 0:32:27]} Qb1+ {[%emt 0:31:49]} 1/2-1/2

[Event "WJCC U20 Open 2019"]
[Site "New Delhi"]
[Date "2019.10.18"]
[Round "5.31"]
[White "Vatsal Singhania"]
[Black "Anuj Shrivatri"]
[Result "0-1"]
[WhiteElo "2157"]
[BlackElo "2390"]
[Annotator "NA"]
[PlyCount "178"]
[EventDate "2019.10.15"]
[EventType "swiss"]
[EventCountry "IND"]
[SourceTitle "playchess.com"]
[Source "ChessBase"]
[SourceQuality "1"]
[TimeControl "40/5400+30:1800+30"]

1. e4 {[%emt 0:00:00]} e5 {[%emt 0:00:00]} 2. Nf3 {[%emt 0:00:00]} Nc6 {[%emt 0:00:00]} 3. Bc4 {[%emt 0:00:00]} Nf6 {[%emt 0:00:20]} 4. d3 {[%emt 0:00:00]} Bc5 {[%emt 0:00:07]} 5. O-O {[%emt 0:00:00]} d6 {[%emt 0:00:05]} 6. a4 {[%emt 0:00:00]} a6 {[%emt 0:00:26]} 7. c3 {[%emt 0:00:08]} Ba7 {[%emt 0:00:06]} 8. Nbd2 {[%emt 0:00:15]} O-O {[%emt 0:00:08]} 9. h3 {[%emt 0:00:05]} Ne7 {[%emt 0:00:18]} 10. Re1 {[%emt 0:00:06]} Ng6 {[%emt 0:00:16]} 11. Nf1 {[%emt 0:00:04]} c6 {[%emt 0:00:14]} 12. Bb3 {[%emt 0:01:15]} d5 {[%emt 0:03:13]} 13. exd5 {[%emt 0:04:51]} Nxd5 {[%emt 0:00:41]} 14. d4 {[%emt 0:10:20]} exd4 {[%emt 0:00:17]} 15. cxd4 {[%emt 0:00:34]} Ndf4 {[%emt 0:20:37]} 16. Be3 {[%emt 0:02:33]} Be6 {[%emt 0:05:25]} 17. Bxe6 {[%emt 0:08:03]} Nxe6 {[%emt 0:08:23]} 18. Qb3 {[%emt 0:00:13]} Qd5 {[%emt 0:08:26]} 19. N1d2 {[%emt 0:07:00]} Qxb3 {[%emt 0:07:01]} 20. Nxb3 {[%emt 0:00:06]} Rfd8 {[%emt 0:06:13]} 21. Na5 {[%emt 0:02:41]} Rd7 {[%emt 0:02:18]} 22. b3 {[%emt 0:08:06]} Ne7 {[%emt 0:01:39]} 23. Rac1 {[%emt 0:04:34]} Nd5 {[%emt 0:06:01]} 24. Red1 {[%emt 0:04:15]} f6 {[%emt 0:01:18]} 25. Kf1 {[%emt 0:03:49]} Kf7 {[%emt 0:00:53]} 26. b4 {[%emt 0:05:46]} g6 {[%emt 0:05:14]} 27. Rd3 {[%emt 0:06:12]} Bb6 {[%emt 0:06:49]} 28. Nc4 {[%emt 0:00:29]} Bd8 {[%emt 0:02:29]} 29. Rb3 {[%emt 0:02:11]} Nec7 {[%emt 0:04:25]} 30. Bd2 {[%emt 0:03:07]} Be7 {[%emt 0:00:55]} 31. Re1 {[%emt 0:01:35]} Bd6 {[%emt 0:01:21]} 32. Rbb1 {[%emt 0:01:51]} Re8 {[%emt 0:01:09]} 33. Rxe8 {[%emt 0:00:10]} Kxe8 {[%emt 0:01:05]} 34. Na5 {[%emt 0:00:49]} Ne6 {[%emt 0:00:34]} 35. b5 cxb5 {[%emt 0:03:23]} 36. axb5 {[%emt 0:00:11]} b6 {[%emt 0:00:28]} 37. Nc4 {[%emt 0:01:31]} a5 {[%emt 0:00:16]} 38. Ne3 {[%emt 0:00:40]} Nec7 {[%emt 0:00:43]} 39. Ne1 {[%emt 0:01:10]} Bb4 {[%emt 0:01:51]} 40. Nf3 {[%emt 0:04:47]} Bxd2 {[%emt 0:03:31]} 41. Nxd2 {[%emt 0:30:10]} Nc3 {[%emt 0:04:18]} 42. Re1 {[%emt 0:00:00]} Kd8 {[%emt 0:02:07]} 43. Ndc4 {[%emt 0:00:00]} Rxd4 {[%emt 0:04:29]} 44. Nxb6 {[%emt 0:00:00]} N7xb5 {[%emt 0:01:20]} 45. Ra1 {[%emt 0:00:00]} a4 {[%emt 0:00:16]} 46. Nc2 {[%emt 0:00:00]} Rd2 {[%emt 0:04:00]} 47. Ne3 {[%emt 0:00:00]} a3 {[%emt 0:05:21]} 48. Nbc4 {[%emt 0:00:00]} Rb2 {[%emt 0:00:23]} 49. g4 {[%emt 0:00:00]} Rb3 {[%emt 0:04:52]} 50. Nd2 {[%emt 0:00:00]} Rb4 {[%emt 0:00:27]} 51. Nc2 {[%emt 0:00:00]} Rb2 {[%emt 0:01:51]} 52. Nxa3 {[%emt 0:00:00]} Rxd2 {[%emt 0:00:08]} 53. Nxb5 {[%emt 0:00:00]} Nxb5 {[%emt 0:00:09]} 54. Ra8+ {[%emt 0:00:00]} Ke7 {[%emt 0:02:13]} 55. Rh8 {[%emt 0:00:00]} Nd6 {[%emt 0:01:54]} 56. Rxh7+ {[%emt 0:00:00]} Ke6 {[%emt 0:02:29]} 57. Ke1 {[%emt 0:00:00]} Ra2 {[%emt 0:00:27]} 58. h4 {[%emt 0:00:00]} Ne4 {[%emt 0:00:53]} 59. Rg7 {[%emt 0:00:00]} Nxf2 {[%emt 0:01:20]} 60. g5 {[%emt 0:00:00]} Nd3+ {[%emt 0:00:38]} 61. Kf1 {[%emt 0:00:00]} Nf4 {[%emt 0:00:07]} 62. gxf6 {[%emt 0:00:00]} Kxf6 {[%emt 0:00:06]} 63. Rh7 {[%emt 0:00:00]} Ra5 {[%emt 0:00:41]} 64. Kf2 {[%emt 0:00:00]} Rh5 {[%emt 0:00:19]} 65. Ra7 {[%emt 0:00:00]} Rxh4 {[%emt 0:00:28]} 66. Kg3 {[%emt 0:00:00]} g5 {[%emt 0:00:05]} 67. Ra6+ {[%emt 0:00:00]} Ne6 {[%emt 0:00:06]} 68. Rb6 {[%emt 0:00:00]} Re4 {[%emt 0:00:23]} 69. Kf3 {[%emt 0:00:00]} Rc4 {[%emt 0:00:18]} 70. Kg3 {[%emt 0:00:00]} Kf5 {[%emt 0:00:14]} 71. Rb5+ {[%emt 0:00:00]} Nc5 {[%emt 0:00:16]} 72. Rb8 {[%emt 0:00:00]} Rc3+ {[%emt 0:00:33]} 73. Kg2 {[%emt 0:00:00]} Kf4 {[%emt 0:00:12]} 74. Rb4+ {[%emt 0:00:00]} Ne4 {[%emt 0:00:05]} 75. Rb2 {[%emt 0:00:00]} Rd3 {[%emt 0:00:08]} 76. Rb1 {[%emt 0:00:00]} Rd2+ {[%emt 0:00:05]} 77. Kg1 {[%emt 0:00:00]} g4 {[%emt 0:01:01]} 78. Rb4 {[%emt 0:00:00]} Ke3 {[%emt 0:00:24]} 79. Rb3+ {[%emt 0:00:00]} Rd3 {[%emt 0:00:26]} 80. Rb1 {[%emt 0:00:00]} g3 {[%emt 0:00:46]} 81. Kg2 {[%emt 0:00:00]} Rd2+ {[%emt 0:00:06]} 82. Kg1 {[%emt 0:00:00]} Kf3 {[%emt 0:01:38]} 83. Rb3+ {[%emt 0:00:00]} Kg4 84. Rb8 {[%emt 0:00:00]} Ng5 {[%emt 0:01:21]} 85. Rg8 {[%emt 0:00:00]} Rc2 {[%emt 0:00:18]} 86. Kh1 {[%emt 0:00:00]} g2+ {[%emt 0:01:48]} 87. Kh2 {[%emt 0:00:00]} Kf4 {[%emt 0:00:29]} 88. Rf8+ {[%emt 0:01:42]} Ke3 {[%emt 0:00:06]} 89. Rd8 {[%emt 0:00:34]} g1=Q+ {[%emt 0:01:02]} 0-1

[Event "WJCC U20 Open 2019"]
[Site "New Delhi"]
[Date "2019.10.18"]
[Round "5.32"]
[White "Arjun Kalyan"]
[Black "Papadiamandis, Elliot"]
[Result "1-0"]
[WhiteElo "2483"]
[BlackElo "2190"]
[Annotator "ChessBase"]
[PlyCount "93"]
[EventDate "2019.10.15"]
[EventType "swiss"]
[EventCountry "IND"]
[SourceTitle "playchess.com"]
[Source "ChessBase"]
[SourceQuality "1"]
[TimeControl "40/5400+30:1800+30"]

1. e4 {[%emt 0:00:00]} c5 {[%emt 0:00:59]} 2. Nf3 {[%emt 0:00:00]} d6 {[%emt 0:00:05]} 3. Bb5+ {[%emt 0:00:00]} Nd7 {[%emt 0:00:10]} 4. Ba4 {[%emt 0:00:00]} a6 {[%emt 0:01:15]} 5. c4 {[%emt 0:01:01]} Ngf6 {[%emt 0:00:08]} 6. Nc3 {[%emt 0:00:23]} e6 {[%emt 0:01:09]} 7. O-O {[%emt 0:00:26]} Be7 {[%emt 0:00:09]} 8. d4 {[%emt 0:00:28]} cxd4 {[%emt 0:00:12]} 9. Qxd4 {[%emt 0:00:16]} O-O {[%emt 0:00:37]} 10. Rd1 {[%emt 0:00:17]} Qc7 {[%emt 0:05:36]} 11. Bxd7 {[%emt 0:01:41]} Bxd7 {[%emt 0:01:21]} 12. Bf4 {[%emt 0:02:10]} Bc6 {[%emt 0:12:11]} 13. Bxd6 {[%emt 0:25:43]} Bxd6 {[%emt 0:01:57]} 14. Qxd6 {[%emt 0:00:07]} Qxd6 {[%emt 0:00:30]} 15. Rxd6 {[%emt 0:01:51]} Bxe4 {[%emt 0:01:33]} 16. Ne5 {[%emt 0:14:09]} Rfd8 {[%emt 0:11:52]} 17. Rad1 {[%emt 0:02:47]} Rxd6 {[%emt 0:00:53]} 18. Rxd6 {[%emt 0:00:02]} Rc8 {[%emt 0:04:14]} 19. f3 {[%emt 0:02:32]} Bc6 {[%emt 0:02:26]} 20. Nxc6 {[%emt 0:01:32]} bxc6 {[%emt 0:00:15]} 21. Na4 {[%emt 0:03:19]} Kf8 22. Nb6 {[%emt 0:01:28]} Rc7 {[%emt 0:05:32]} 23. Rd8+ {[%emt 0:00:23]} Ke7 {[%emt 0:00:39]} 24. Ra8 {[%emt 0:00:06]} Nd7 {[%emt 0:02:10]} 25. Rxa6 {[%emt 0:06:46]} Nc5 {[%emt 0:07:35]} 26. Ra5 {[%emt 0:01:32]} Kd6 {[%emt 0:03:58]} 27. b3 {[%emt 0:02:12]} Nb7 {[%emt 0:06:31]} 28. Rh5 {[%emt 0:07:41]} g6 {[%emt 0:03:39]} 29. Rxh7 {[%emt 0:00:35]} Kc5 {[%emt 0:00:08]} 30. Na4+ {[%emt 0:00:33]} Kb4 {[%emt 0:00:20]} 31. Rh8 {[%emt 0:00:46]} Rd7 {[%emt 0:02:04]} 32. Kf2 {[%emt 0:02:22]} Rd8 {[%emt 0:03:06]} 33. Rxd8 {[%emt 0:00:43]} Nxd8 {[%emt 0:00:01]} 34. Ke3 {[%emt 0:01:09]} Ka3 {[%emt 0:00:11]} 35. Nc5 {[%emt 0:04:09]} Kxa2 {[%emt 0:03:26]} 36. Kd3 {[%emt 0:00:02]} Ka3 {[%emt 0:01:02]} 37. Kc3 {[%emt 0:00:04]} e5 {[%emt 0:01:23]} 38. b4 {[%emt 0:00:06]} f5 {[%emt 0:00:14]} 39. b5 {[%emt 0:00:05]} cxb5 {[%emt 0:00:13]} 40. cxb5 {[%emt 0:00:02]} g5 {[%emt 0:00:16]} 41. b6 {[%emt 0:30:20]} Nc6 {[%emt 0:30:04]} 42. b7 {[%emt 0:00:08]} Nb8 {[%emt 0:00:05]} 43. Kc4 {[%emt 0:00:12]} e4 {[%emt 0:00:19]} 44. fxe4 {[%emt 0:00:07]} f4 {[%emt 0:00:05]} 45. h3 {[%emt 0:00:27]} Nc6 {[%emt 0:00:23]} 46. Kb5 {[%emt 0:00:11]} Nb8 {[%emt 0:00:20]} 47. e5 {[%emt 0:00:05]} 1-0